000 00236nam a22000977a 4500
999 _c11712
_d11712
008 200110b ||||| |||| 00| 0 eng d
020 _a9780590020435
100 _aRey.A.A
_97404
245 _aCurious George
260 _aNew York
_bScholastic